000 00331nam a2200121Ia 4500
005 20251222144806.0
008 251222s9999||||xx |||||||||||||| ||spa||
082 _a263.042.461.1/M61
245 0 _aPor el Camino de Compostela
250 _a1ra.ed.
264 _bDirección General de Bellas Arte, Archivo y Biblioteca
942 _cLIB
999 _c19905
_d19905